<?xml version="1.0" encoding="UTF-8"?><?xml-stylesheet type="text/xsl" href="static/style.xsl"?><OAI-PMH xmlns="http://www.openarchives.org/OAI/2.0/" xmlns:xsi="http://www.w3.org/2001/XMLSchema-instance" xsi:schemaLocation="http://www.openarchives.org/OAI/2.0/ http://www.openarchives.org/OAI/2.0/OAI-PMH.xsd"><responseDate>2026-04-17T04:18:17Z</responseDate><request verb="GetRecord" identifier="oai:www.recercat.cat:10256/25486" metadataPrefix="marc">https://recercat.cat/oai/request</request><GetRecord><record><header><identifier>oai:recercat.cat:10256/25486</identifier><datestamp>2025-02-15T11:29:36Z</datestamp><setSpec>com_2072_452992</setSpec><setSpec>com_2072_2054</setSpec><setSpec>col_2072_453152</setSpec></header><metadata><record xmlns="http://www.loc.gov/MARC21/slim" xmlns:dcterms="http://purl.org/dc/terms/" xmlns:xsi="http://www.w3.org/2001/XMLSchema-instance" xmlns:doc="http://www.lyncode.com/xoai" xsi:schemaLocation="http://www.loc.gov/MARC21/slim http://www.loc.gov/standards/marcxml/schema/MARC21slim.xsd">
   <leader>00925njm 22002777a 4500</leader>
   <datafield ind2=" " ind1=" " tag="042">
      <subfield code="a">dc</subfield>
   </datafield>
   <datafield ind2=" " ind1=" " tag="720">
      <subfield code="a">Bouzas Sabater, Marc</subfield>
      <subfield code="e">author</subfield>
   </datafield>
   <datafield ind2=" " ind1=" " tag="720">
      <subfield code="a">Burch, Josep</subfield>
      <subfield code="e">author</subfield>
   </datafield>
   <datafield ind2=" " ind1=" " tag="720">
      <subfield code="a">Vivó Codina, David</subfield>
      <subfield code="e">author</subfield>
   </datafield>
   <datafield ind2=" " ind1=" " tag="260">
      <subfield code="c">2023</subfield>
   </datafield>
   <datafield ind2=" " ind1=" " tag="520">
      <subfield code="a">The Roman villa of Collet is located on the coast of the extreme north‑east of the Iberian Peninsula. Its first phases of the villa, from the end of the second century BC to the years 60‑70 AD, are closely linked to wine production. In those last years it was the subject of an intense reform that lasted until its abandonment in the 5th century. Although from the beginning of the 4th century, the sector of the villa closest to the sea must have been abandoned. In this article, the 27 coins located in this villa until now are studied with the aim of complementing the identification of its phases</subfield>
   </datafield>
   <datafield ind2=" " ind1=" " tag="520">
      <subfield code="a">La vil·la romana del Collet està situada al litoral de l'extrem nord‑est de la península Ibèrica. Les seves primeres fases de la vil·la, des de finals del segle II aC fins els anys 60‑70 dC, estan molt vinculades a l'explotació vitivinícola. En aquells darrers anys va ser objecte d'una intensa reforma que es va perllongar fins al seu abandonament en el segle V. Tot i que des d'inicis del segle IV, el sector de la vil·la més pròxim al mar devia estar abandonat. En aquest article s'estudien les 27 monedes localitzades fins l'actualitat en aquesta vil·la amb l'objectiu de complementar la identificació de les seves fases</subfield>
   </datafield>
   <datafield tag="653" ind2=" " ind1=" ">
      <subfield code="a">Calonge i Sant Antoni (Catalunya) -- Arqueologia</subfield>
   </datafield>
   <datafield tag="653" ind2=" " ind1=" ">
      <subfield code="a">Calonge i Sant Antoni (Catalunya) -- Antiquities</subfield>
   </datafield>
   <datafield tag="653" ind2=" " ind1=" ">
      <subfield code="a">Vil·les romanes -- Catalunya -- Calonge i Sant Antoni</subfield>
   </datafield>
   <datafield tag="653" ind2=" " ind1=" ">
      <subfield code="a">Roman villa -- Catalonia -- Calonge i Sant Antoni</subfield>
   </datafield>
   <datafield tag="653" ind2=" " ind1=" ">
      <subfield code="a">Collet de Sant Antoni (Calonge i Sant Antoni, Catalunya : Jaciment arqueològic)</subfield>
   </datafield>
   <datafield tag="653" ind2=" " ind1=" ">
      <subfield code="a">Collet de Sant Antoni (Calonge i Sant Antoni, Catalunya : Archaeological site)</subfield>
   </datafield>
   <datafield tag="653" ind2=" " ind1=" ">
      <subfield code="a">Monedes romanes -- Catalunya -- Calonge i Sant Antoni</subfield>
   </datafield>
   <datafield tag="653" ind2=" " ind1=" ">
      <subfield code="a">Coins, Roman -- Catalonia -- Calonge i Sant Antoni</subfield>
   </datafield>
   <datafield ind2="0" ind1="0" tag="245">
      <subfield code="a">Elements per al coneixement de la monetització de la vil·la romana del Collet (Calonge i Sant Antoni, Baix Empordà)</subfield>
   </datafield>
</record></metadata></record></GetRecord></OAI-PMH>